000 01048pamaa22003011i 4500
003 EG-GICUC
005 20260628141255.0
008 901130s1991 nyua jrb 000 0 eng
020 _a0070042047 :
_c$41.95
020 _a9780070042049
040 _aEG-GICUC
_cEG-GICUC
_dEG-GICUC
_beng
050 0 0 _a670.285
_bB3914
082 0 0 _a670.285
_220
_bB3914
092 0 4 _221
_a670.285
_bB3914
099 _a670.285 B3914
100 1 _aBedworth, David D.
_eAuthor.
245 1 0 _aComputer-integrated design and manufacturing /
_cDavid D. Bedworth, Mark R. Henderson, Philip M. Wolfe.
260 _aNew York :
_bMcGraw-Hill,
_cc1991.
264 _aNew York :
_bMcGraw-Hill,
_cc1991.
300 _axix, 653 pages. :
_billustration. ;
_c24 cm.
440 0 _aMcGraw-Hill series in industrial engineering and management science
504 _aIncludes bibliographical references and indexes.
650 0 _aCAD/CAM systems.
700 1 _aHenderson, Mark Richard,
_d1949-
700 1 _aWolfe, Philip,
_d1941-
905 _aHany
942 _2ddc
_cBK
_e21
_n0
999 _c180637
_d180637